01120agaaa2200265 45000010005000000030009000050050017000140070009000310080040000400400023000800410013001031000047001161300033001632450130001962500022003262600122003483000034004705110043005045200088005475380016006355460013006516500069006647000059007337000062007921740IT-RoPAU20220918181302.0d cvaizq50131s9999||||xx ||| | || ||und|| aIT-RoPAUcIT-RoPAU aITALIANO aBrownlow KevingCodice regista SPICS: 8758 aCHAPLIN SCONOSCIUTO (1.2.3.) aCHAPLIN SCONOSCIUTO (1.2.3.)cDiretto da: Brownlow KevinpCHAPLIN SCONOSCIUTO (1.2.3.) (Rif. Codice opera principale : 21740) aEdizione Standard aROMA (ITALIA)bRAI - RADIO TELEVISIONE ITALIANA / Distribuzione: RAIg"1983 (1° ed.: 1983 ; Ed. Lingua Orig.: 1983)" aVHSbsonoro, col.c180 minuti aProgramma Condotto da: Claudio G. Fava aMERAVIGLIOSO ARCHIVIO INEDITO DI CHARLOT PROGRAMMA A CURA DI ROSANELLA LELLO NOGARA aPAL, STEREO aITALIANO aDOCUMENTARIOeSTUDI SUL CINEMA [VHS]xCodice MATERIA SPICS: 9959 aBrownlow Kevin e(regista)gCodice regista SPICS: 8758 aGill Davide(regista)gCodice secondo regista SPICS: 7560